Представление документа в формате RUSMARC

ПолеНазваниеЗначение
  Тип записи a
  Библиографический уровень m
001 Контрольный номер RU/REG73/CBS_GRAD2/669904391
005 Дата корректировки 20221122154913.2
010 Индекс ISBN __
a ISBN 5-235-00675-5
101 Язык документа __
a Язык текста rus
200 Заглавие и сведения об ответственности __
a Заглавие Скорина
f Первые сведения об ответственности Олег Антонович Лойко; авторизированный перевод с белорусского Г. Бубнова
b Общее обозначение материала Текст
203 Вид содержания и тип средства __
a Вид содержания Текст (визуальный) : непосредственный
210 Выходные данные __
a Место издания Москва
c Издательство "Молодая гвардия"
d Дата издания 1989
215 Физическое описание __
a Объем 349 с., ил.
225 Серия __
a Серия Жизнь замечательных людей. Серия биографий. Выпуск 2.
686 Индексы других классификаций __
a Классификационный индекс 76.1
700 Автор __
a Фамилия Лойко
g Полное личное имя Олег Антонович
801 Источник записи _0
a Страна RU
b Организация RuCBSGrad
g Правила каталогизации PSBO
801 Источник записи _1
a Страна RU
b Организация RuCBSGrad
g Правила каталогизации PSBO
901 Тип документа __
t Тип документа m
981 __
b i
g e
2 isbdcontent
982 __
b n
2 isbdmedia
993 __
a 61289
b 34615
e 113566
f ЦГБ
h 1.70
i 113566
m 1
n 44278
o I
p 1.70
x 1
y 6
z 76.1